000 00373nam a22001577a 4500
003 macl
005 20150607155149.0
008 150524b xxu||||| |||| 00| 0 eng d
040 _cmacl
082 _a821/Kha
100 _aKhan,A.A.
_933
245 _aEnglish Poetry (1550-1660)
260 _aNew Delhi
_bShree Publishers
_c2012
650 _aPoetry
_934
942 _2ddc
_cBK
999 _c49727
_d49727